[Event "Titled Tuesday intern op 06th Feb Early"]
[Site "Chess.com INT"]
[Date "2024.02.06"]
[Round "1"]
[White "Krutko, Anatoly"]
[Black "Chandra, Vania Vindy"]
[Result "1-0"]
[WhiteElo "2397"]
[BlackElo "1794"]
[PlyCount "131"]
[EventDate "2024.02.06"]
[EventType "swiss (blitz)"]
[EventRounds "11"]
[EventCountry "USA"]
[SourceTitle "CB07_2024"]
[SourceDate "2024.02.14"]
[SourceVersion "1"]
[SourceVersionDate "2024.02.14"]
[SourceQuality "1"]

1. b3 e5 2. Bb2 Nc6 3. g3 d5 4. Bg2 Nf6 5. e3 Bg4 6. Ne2 e4 7. d3 Bb4+ 8. Nd2 0-0 9. 0-0 Qd7 10. Bxf6 gxf6 11. dxe4 dxe4 12. Nxe4 Qxd1 13. Nxf6+ Kg7 14. Rfxd1 Bxe2 15. Nd7 Bxd1 16. Nxf8 Bxc2 17. Nd7 Bf5 18. Bxc6 bxc6 19. Ne5 Bc3 20. Rc1 Bxe5 21. Rc5 f6 22. f4 Bd6 23. Rxf5 a5 24. a4 Kg6 25. g4 Bb4 26. Kf2 Rd8 27. h4 Rd2+ 28. Kf3 Rh2 29. h5+ Kg7 30. g5 fxg5 31. Rxg5+ Kf6 32. e4 Rh3+ 33. Kg4 Rh1 34. e5+ Kf7 35. Kf5 Be7 36. e6+ Kf8 37. Rg4 Rxh5+ 38. Ke4 Rd5 39. f5 Bf6 40. Rg2 Ke7 41. Rh2 Re5+ 42. Kf4 Re1 43. Rxh7+ Ke8 44. Rf7 Rf1+ 45. Ke4 Re1+ 46. Kf3 Rf1+ 47. Kg4 Rg1+ 48. Kh3 Be7 49. f6 Bd6 50. Rd7 Rg3+ 51. Kh4 Rf3 52. f7+ Kf8 53. Kg4 Rf1 54. Kg5 Kg7 55. Kg4 Bf8 56. Rxc7 Re1 57. Rxc6 Re5 58. Kf4 Kf6 59. e7+ Kxe7 60. Kxe5 Kxf7 61. Kf5 Bb4 62. Rc7+ Ke8 63. Ke6 Kd8 64. Rc6 Ba3 65. Rc4 Bb4 66. Rxb4 1-0

[Event "Titled Tuesday intern op 09th Jan Early"]
[Site "Chess.com INT"]
[Date "2024.01.09"]
[Round "1"]
[White "Krutko, Anatoly"]
[Black "Petersson, Kjell"]
[Result "1-0"]
[WhiteElo "2397"]
[BlackElo "2049"]
[PlyCount "61"]
[EventDate "2024.01.09"]
[EventType "swiss (blitz)"]
[EventRounds "11"]
[EventCountry "USA"]
[SourceTitle "CB03_2024"]
[SourceDate "2024.01.17"]
[SourceVersion "1"]
[SourceVersionDate "2024.01.17"]
[SourceQuality "1"]

1. e4 c5 2. Nf3 d6 3. d4 cxd4 4. Qxd4 Nc6 5. Bb5 Bd7 6. Bxc6 Bxc6 7. Nc3 e6 8. Bg5 Nf6 9. 0-0-0 Be7 10. Qd3 0-0 11. Nd4 h6 12. h4 Rc8 13. f4 Qa5 14. g4 hxg5 15. hxg5 Nxg4 16. Qh3 Nh6 17. gxh6 g6 18. f5 Kh7 19. Rdg1 Bd7 20. Kb1 Bf6 21. fxg6+ fxg6 22. Nb3 Qb6 23. Nd5 exd5 24. Qxd7+ Kh8 25. Rxg6 Rxc2 26. Qg7+ Bxg7 27. hxg7+ Kg8 28. Rh8+ Kf7 29. Rxf8+ Kxg6 30. g8Q+ Kh6 31. Rf6+ 1-0

[Event "Titled Tuesday intern op 25th Jul Early"]
[Site "Chess.com INT"]
[Date "2023.07.25"]
[Round "3"]
[White "Krutko, Anatoly"]
[Black "Kushagra, Mohan"]
[Result "1-0"]
[WhiteElo "2397"]
[BlackElo "2416"]
[PlyCount "93"]
[EventDate "2023.07.25"]
[EventType "swiss (blitz)"]
[EventRounds "11"]
[EventCountry "USA"]
[SourceTitle "EXT 2024"]
[Source "ChessBase"]
[SourceDate "2023.10.10"]
[SourceVersion "1"]
[SourceVersionDate "2023.10.10"]
[SourceQuality "1"]

1. d4 Nf6 2. Nc3 d5 3. Bg5 Nbd7 4. e3 e6 5. a3 h6 6. Bh4 Be7 7. f4 0-0 8. Bd3 c5 9. Nf3 b6 10. 0-0 Bb7 11. Ne5 Rc8 12. Qe1 Ne4 13. Bxe7 Qxe7 14. Bxe4 dxe4 15. Nxd7 Qxd7 16. dxc5 Rxc5 17. Rd1 Qe7 18. Rd4 f5 19. Qd2 Rc7 20. Nb5 e5 21. fxe5 Rc5 22. Nd6 Ba6 23. Nxf5 Qxe5 24. Nxh6+ gxh6 25. Rxf8+ Kxf8 26. Rd8+ Kf7 27. Qd7+ Qe7 28. Qd4 Rf5 29. g3 Bb5 30. Qh8 Qf6 31. Rf8+ Ke7 32. Rxf6 Rxf6 33. Qh7+ Kd6 34. Qxe4 Bc6 35. Qd4+ Ke7 36. Qe5+ Re6 37. Qc7+ Kf6 38. Qxa7 Kg5 39. Qxb6 Rf6 40. Qd8 h5 41. Qd4 Bf3 42. h4+ Kg6 43. e4 Bg4 44. e5 Rf3 45. Qd6+ Kf5 46. e6 Re3 47. Qf4+ 1-0

[Event "Titled Tuesday intern op 18th Jul Early"]
[Site "Chess.com INT"]
[Date "2023.07.18"]
[Round "5"]
[White "Gaal, Zsoka"]
[Black "Krutko, Anatoly"]
[Result "1-0"]
[WhiteElo "2328"]
[BlackElo "2397"]
[PlyCount "61"]
[EventDate "2023.07.18"]
[EventType "swiss (blitz)"]
[EventRounds "11"]
[EventCountry "USA"]
[SourceTitle "EXT 2024"]
[Source "ChessBase"]
[SourceDate "2023.10.10"]
[SourceVersion "1"]
[SourceVersionDate "2023.10.10"]
[SourceQuality "1"]

1. Nf3 d6 2. g3 g6 3. Bg2 Bg7 4. d4 Nf6 5. b3 a5 6. Bb2 a4 7. 0-0 0-0 8. c4 Ne4 9. bxa4 Bd7 10. Qc2 f5 11. Nc3 Nxc3 12. Bxc3 Rxa4 13. Qb3 Ra7 14. a4 Nc6 15. a5 Qa8 16. c5+ Kh8 17. d5 Nxa5 18. Bxg7+ Kxg7 19. Qc3+ Rf6 20. Ra3 b6 21. c6 Be8 22. Nd4 Qc8 23. e4 fxe4 24. Ne6+ Kg8 25. Bh3 Bf7 26. Ng5 Qf8 27. Nxf7 Kxf7 28. Be6+ Ke8 29. Rb1 Rf3 30. Rxa5 Rxa5 31. Qxa5 1-0

[Event "Titled Tuesday intern op 18th Jul Early"]
[Site "Chess.com INT"]
[Date "2023.07.18"]
[Round "1"]
[White "Travadon, Loic"]
[Black "Krutko, Anatoly"]
[Result "0-1"]
[WhiteElo "2463"]
[BlackElo "2397"]
[PlyCount "68"]
[EventDate "2023.07.18"]
[EventType "swiss (blitz)"]
[EventRounds "11"]
[EventCountry "USA"]
[SourceTitle "EXT 2024"]
[Source "ChessBase"]
[SourceDate "2023.10.10"]
[SourceVersion "1"]
[SourceVersionDate "2023.10.10"]
[SourceQuality "1"]

1. d4 Nf6 2. c4 g6 3. g4 Nxg4 4. e4 Nf6 5. e5 Ng8 6. Nc3 d6 7. f4 Bg7 8. Nf3 Nh6 9. Bd3 Nf5 10. Ne4 dxe5 11. dxe5 Nc6 12. b3 Ncd4 13. Nc3 0-0 14. Bxf5 Nxf3+ 15. Qxf3 Bxf5 16. Bd2 f6 17. Qxb7 fxe5 18. Qd5+ Kh8 19. fxe5 Qxd5 20. Nxd5 Bxe5 21. Bc3 Bxc3+ 22. Nxc3 Rad8 23. 0-0 e6 24. Nb5 Rd2 25. Nxc7 Rfd8 26. Rf2 Kg7 27. Raf1 Rxf2 28. Rxf2 Kf6 29. Nb5 a6 30. Nc3 Rd3 31. Ne4+ Ke5 32. Nc5 Rd1+ 33. Kg2 a5 34. Nb7 Be4+ 0-1

[Event "Titled Tuesday intern op 18th Jul Early"]
[Site "Chess.com INT"]
[Date "2023.07.18"]
[Round "3"]
[White "Uzcategui Rodriguez, Alejandro"]
[Black "Krutko, Anatoly"]
[Result "1-0"]
[WhiteElo "2256"]
[BlackElo "2397"]
[PlyCount "83"]
[EventDate "2023.07.18"]
[EventType "swiss (blitz)"]
[EventRounds "11"]
[EventCountry "USA"]
[SourceTitle "EXT 2024"]
[Source "ChessBase"]
[SourceDate "2023.10.10"]
[SourceVersion "1"]
[SourceVersionDate "2023.10.10"]
[SourceQuality "1"]

1. d4 Nf6 2. Nf3 g6 3. Bg5 Bg7 4. Nbd2 d6 5. e3 0-0 6. Bc4 a6 7. a4 b6 8. 0-0 Bb7 9. c3 Nbd7 10. Re1 c5 11. b4 Qc7 12. Rc1 Rac8 13. Qe2 Ra8 14. e4 e5 15. d5 h6 16. Be3 Ng4 17. Nf1 Nxe3 18. Nxe3 Nf6 19. Nd2 Nh5 20. g3 Qd7 21. Nf5 Nf6 22. Nxg7 Kxg7 23. b5 a5 24. Nf1 Bc8 25. f3 Ng8 26. Bd3 Ne7 27. Ne3 f5 28. Qg2 fxe4 29. fxe4 Ng8 30. Rf1 Nf6 31. Nc4 Rb8 32. Rf2 Ng4 33. Rxf8 Kxf8 34. Rf1+ Kg7 35. Qf3 Qe7 36. Nxd6 Bd7 37. Qf7+ Qxf7 38. Rxf7+ Kg8 39. Rxd7 Rf8 40. Be2 Ne3 41. Re7 h5 42. Re8 1-0

[Event "Titled Tuesday intern op 27th Jun Early"]
[Site "Chess.com INT"]
[Date "2023.06.27"]
[Round "2"]
[White "Xu, Yi"]
[Black "Krutko, Anatoly"]
[Result "1/2-1/2"]
[WhiteElo "2502"]
[BlackElo "2397"]
[PlyCount "105"]
[EventDate "2023.06.27"]
[EventType "swiss (blitz)"]
[EventRounds "11"]
[EventCountry "USA"]
[SourceTitle "EXT 2024"]
[Source "ChessBase"]
[SourceDate "2023.10.10"]
[SourceVersion "1"]
[SourceVersionDate "2023.10.10"]
[SourceQuality "1"]

1. e4 g6 2. d4 Bg7 3. Nc3 a6 4. f4 b5 5. Nf3 d6 6. Bd3 Nd7 7. e5 Nh6 8. Ne4 Nb6 9. 0-0 0-0 10. c3 Nd5 11. a4 bxa4 12. Rxa4 c5 13. dxc5 dxc5 14. Qe2 Nb6 15. Ra3 c4 16. Bxc4 Nxc4 17. Qxc4 Nf5 18. Nc5 Qb6 19. Qb4 Qc6 20. Nd4 Nxd4 21. Qxd4 f6 22. Qc4+ Kh8 23. exf6 Rxf6 24. Be3 e5 25. fxe5 Rxf1+ 26. Qxf1 Bf5 27. Rxa6 Rxa6 28. Qxa6 Qd5 29. Qd6 Qa8 30. Qd1 h5 31. e6 Kh7 32. e7 h4 33. h3 Qb8 34. b4 Qe5 35. Bd4 Qxe7 36. Bxg7 Qxg7 37. Qd4 Qh6 38. Kh2 Qg5 39. Qe5 Qd2 40. b5 Qb2 41. Qe7+ Kg8 42. Qd8+ Kh7 43. Qxh4+ Kg8 44. Qb4 Qe2 45. b6 Qe5+ 46. Kh1 Qe1+ 47. Kh2 Qe5+ 48. g3 Qe2+ 49. Kg1 Qe1+ 50. Kg2 Qe2+ 51. Kg1 Qe1+ 52. Kg2 Qe2+ 53. Kg1 1/2-1/2

[Event "Titled Tuesday intern op 20th Jun Early"]
[Site "Chess.com INT"]
[Date "2023.06.20"]
[Round "2"]
[White "Chigaev, Maksim"]
[Black "Krutko, Anatoly"]
[Result "1-0"]
[WhiteElo "2617"]
[BlackElo "2397"]
[PlyCount "119"]
[EventDate "2023.06.20"]
[EventType "swiss (blitz)"]
[EventRounds "11"]
[EventCountry "USA"]
[SourceTitle "EXT 2024"]
[Source "ChessBase"]
[SourceDate "2023.10.10"]
[SourceVersion "1"]
[SourceVersionDate "2023.10.10"]
[SourceQuality "1"]

1. e4 e5 2. Nf3 Nc6 3. Bb5 a6 4. Ba4 Nf6 5. 0-0 b5 6. Bb3 Bc5 7. c3 d6 8. d4 Bb6 9. Be3 0-0 10. Nbd2 Bb7 11. Re1 h6 12. h3 Re8 13. d5 Ne7 14. Bxb6 cxb6 15. a4 bxa4 16. Bxa4 b5 17. Bc2 Ng6 18. Nb3 Nh5 19. Na5 Bc8 20. Bd3 Qf6 21. Bf1 Nhf4 22. b3 Nh4 23. Nxh4 Qxh4 24. Qf3 Qg5 25. Qg3 Qf6 26. c4 bxc4 27. bxc4 Bd7 28. Qa3 Qg5 29. Kh2 Qg6 30. g3 Nh5 31. Nb7 f5 32. Nxd6 Rf8 33. exf5 Bxf5 34. Nxf5 Rxf5 35. Ra2 Raf8 36. Ree2 Rf3 37. Re3 Rxf2+ 38. Rxf2 Rxf2+ 39. Kg1 Qf6 40. Bg2 Rd2 41. Rf3 Qg5 42. Qf8+ Kh7 43. Qf5+ Qxf5 44. Rxf5 Nxg3 45. Rxe5 Ne2+ 46. Kh1 Ng3+ 47. Kh2 Nf1+ 48. Kg1 Ng3 49. c5 Ne2+ 50. Kh1 Nf4 51. Be4+ g6 52. c6 Nxh3 53. Re7+ Kg8 54. c7 Nf2+ 55. Kg1 Nh3+ 56. Kf1 Rf2+ 57. Ke1 Rf8 58. d6 Ng5 59. Bd5+ Kh8 60. d7 1-0

[Event "Titled Tuesday intern op 20th Jun Early"]
[Site "Chess.com INT"]
[Date "2023.06.20"]
[Round "8"]
[White "Itgelt, Khuyagtsogt"]
[Black "Krutko, Anatoly"]
[Result "0-1"]
[WhiteElo "2321"]
[BlackElo "2397"]
[PlyCount "162"]
[EventDate "2023.06.20"]
[EventType "swiss (blitz)"]
[EventRounds "11"]
[EventCountry "USA"]
[SourceTitle "EXT 2024"]
[Source "ChessBase"]
[SourceDate "2023.10.10"]
[SourceVersion "1"]
[SourceVersionDate "2023.10.10"]
[SourceQuality "1"]

1. d4 Nf6 2. Nf3 g6 3. c4 Bg7 4. g3 0-0 5. Bg2 d6 6. 0-0 Nbd7 7. Qc2 e5 8. Rd1 Qe7 9. Nc3 c6 10. e4 exd4 11. Nxd4 a5 12. Bf4 Ne5 13. b3 Nh5 14. Be3 Nd7 15. h3 Nc5 16. Rab1 Bd7 17. a3 Rfe8 18. b4 axb4 19. axb4 Ne6 20. Nxe6 Bxe6 21. c5 dxc5 22. bxc5 Ra3 23. Na4 Nxg3 24. Rd3 Ra2 25. Qd1 Ra8 26. Nb6 Ne2+ 27. Kf1 Nc3 28. Rxc3 Bxc3 29. Nxa8 Rxa8 30. Kg1 Rd8 31. Qc2 Bg7 32. Qa4 h6 33. Qa7 Rd7 34. Qb8+ Kh7 35. Qf4 Qf6 36. Qxf6 Bxf6 37. Bf1 Kg7 38. Kg2 Bg5 39. f4 Bf6 40. Kf3 Be7 41. Kg3 h5 42. Kf3 f5 43. e5 Bd5+ 44. Kg3 h4+ 45. Kf2 Be4 46. Rb2 Bd5 47. Be2 Kf7 48. Rd2 Ke6 49. Rb2 g5 50. fxg5 Kxe5 51. Rb4 Be4 52. Bf3 Bd8 53. Bxe4 fxe4 54. Rb2 Kf5 55. Rb4 Bxg5 56. Bxg5 Kxg5 57. Rxe4 Rd5 58. Rb4 Rxc5 59. Rxb7 Rc4 60. Rc7 Rc3 61. Kg2 c5 62. Rc6 c4 63. Rc8 Kf4 64. Rf8+ Ke5 65. Re8+ Kd4 66. Rh8 Re3 67. Rxh4+ Re4 68. Rh8 c3 69. Rc8 Kd3 70. Kg3 Rc4 71. Rd8+ Ke2 72. Re8+ Kd2 73. Rd8+ Ke3 74. Re8+ Kd3 75. Rd8+ Rd4 76. Rc8 c2 77. Rxc2 Kxc2 78. h4 Kd3 79. h5 Kc4 80. h6 Rd6 81. h7 Rh6 0-1

[Event "Titled Tuesday intern op 20th Jun Early"]
[Site "Chess.com INT"]
[Date "2023.06.20"]
[Round "1"]
[White "Krutko, Anatoly"]
[Black "Nikulina, Alena"]
[Result "1-0"]
[WhiteElo "2397"]
[BlackElo "1857"]
[PlyCount "131"]
[EventDate "2023.06.20"]
[EventType "swiss (blitz)"]
[EventRounds "11"]
[EventCountry "USA"]
[SourceTitle "EXT 2024"]
[Source "ChessBase"]
[SourceDate "2023.10.10"]
[SourceVersion "1"]
[SourceVersionDate "2023.10.10"]
[SourceQuality "1"]

1. e4 c5 2. Nf3 e6 3. d3 Nc6 4. g3 Nf6 5. Bg2 d5 6. Nbd2 Be7 7. 0-0 0-0 8. Re1 a6 9. e5 Nd7 10. Nf1 f6 11. exf6 Nxf6 12. Ne3 Qe8 13. d4 Qg6 14. c3 Bd7 15. Ne5 Nxe5 16. dxe5 Ne4 17. f4 Bc6 18. Qg4 Qxg4 19. Nxg4 h5 20. Ne3 d4 21. Nd1 dxc3 22. Bxe4 cxb2 23. Bxb2 Rac8 24. Nc3 b5 25. Bxc6 Rxc6 26. Ne4 h4 27. Kf2 c4 28. Ke3 b4 29. Rac1 c3 30. Ba1 a5 31. Nxc3 bxc3 32. Rxc3 Rxc3+ 33. Bxc3 a4 34. Rb1 hxg3 35. hxg3 Rc8 36. Bd4 Rc2 37. Rb2 Rc1 38. Rb7 Kf8 39. Ra7 a3 40. g4 Rc2 41. f5 exf5 42. gxf5 Rxa2 43. Ra8+ Kf7 44. Ra7 Ke8 45. Ke4 Re2+ 46. Kd5 Rd2 47. Ke6 Rxd4 48. Rxe7+ Kf8 49. Rf7+ Kg8 50. Ra7 Rd3 51. Ra8+ Kh7 52. Ra7 Kh6 53. f6 gxf6 54. exf6 Re3+ 55. Kf7 Rf3 56. Ra5 Rf2 57. Rxa3 Rf1 58. Rh3+ Kg5 59. Rg3+ Kh4 60. Rg6 Kh5 61. Kg7 Ra1 62. f7 Ra7 63. Rg1 Rb7 64. Kg8 Rxf7 65. Kxf7 Kh4 66. Kf6 1-0

[Event "Titled Tuesday intern op 20th Jun Early"]
[Site "Chess.com INT"]
[Date "2023.06.20"]
[Round "10"]
[White "Krutko, Anatoly"]
[Black "Yuan, Qingyu"]
[Result "0-1"]
[WhiteElo "2397"]
[BlackElo "2380"]
[PlyCount "154"]
[EventDate "2023.06.20"]
[EventType "swiss (blitz)"]
[EventRounds "11"]
[EventCountry "USA"]
[SourceTitle "EXT 2024"]
[Source "ChessBase"]
[SourceDate "2023.10.10"]
[SourceVersion "1"]
[SourceVersionDate "2023.10.10"]
[SourceQuality "1"]

1. d4 Nf6 2. c4 e6 3. Nc3 Bb4 4. e3 0-0 5. Bd3 d5 6. cxd5 exd5 7. Nge2 Bd6 8. h3 b6 9. 0-0 c5 10. dxc5 bxc5 11. b3 Bb7 12. Bb2 Nbd7 13. Rc1 Rc8 14. Bf5 Bb8 15. Na4 Ne4 16. Bxd7 Qxd7 17. f3 Ng5 18. Nxc5 Rxc5 19. Rxc5 Qd6 20. Qd4 Ne6 21. f4 Qxc5 22. Qd2 Rc8 23. Rc1 Qb6 24. Rxc8+ Bxc8 25. Nd4 Nxd4 26. Bxd4 Qc6 27. Qb4 Bd6 28. Qa5 a6 29. Qd8+ Bf8 30. Kh2 Qd7 31. Qb6 h6 32. Be5 Qe6 33. Qc7 Qd7 34. Qb6 Bb7 35. Bd4 Qc6 36. Qd8 Qc8 37. Qb6 Bc6 38. a4 Be7 39. b4 Bxa4 40. Bc5 Bxc5 41. bxc5 Bc6 42. Kg3 Qa8 43. Qa5 g6 44. Kh2 Kh7 45. Qc7 Qb7 46. Qa5 Qe7 47. Qa3 Qb7 48. Qa5 Kg7 49. Qc3+ Kg8 50. Qa5 h5 51. h4 d4 52. exd4 Qb2 53. Qd8+ Kh7 54. Qg5 Qxd4 55. f5 Qe5+ 56. Kg1 Qe1+ 57. Kh2 Qe5+ 58. Kg1 Qxf5 59. Qe7 Qe6 60. Qc7 Qe1+ 61. Kh2 Qxh4+ 62. Kg1 Qe1+ 63. Kh2 Qe6 64. Kg1 Qd5 65. Kf2 Qxg2+ 66. Ke3 Qe4+ 67. Kd2 Qd5+ 68. Ke2 Qc4+ 69. Ke1 Qc3+ 70. Ke2 Qc4+ 71. Ke1 Qe4+ 72. Kd1 Qe6 73. Kd2 Qd5+ 74. Ke1 a5 75. Qxa5 h4 76. Qb4 Qe4+ 77. Qxe4 Bxe4 0-1

[Event "Titled Tuesday intern op 20th Jun Early"]
[Site "Chess.com INT"]
[Date "2023.06.20"]
[Round "11"]
[White "Slavin, Alexei"]
[Black "Krutko, Anatoly"]
[Result "0-1"]
[WhiteElo "2364"]
[BlackElo "2397"]
[PlyCount "96"]
[EventDate "2023.06.20"]
[EventType "swiss (blitz)"]
[EventRounds "11"]
[EventCountry "USA"]
[SourceTitle "EXT 2024"]
[Source "ChessBase"]
[SourceDate "2023.10.10"]
[SourceVersion "1"]
[SourceVersionDate "2023.10.10"]
[SourceQuality "1"]

1. e4 g6 2. Nc3 Bg7 3. d4 a6 4. Nf3 b5 5. a3 Bb7 6. Be3 d6 7. Qd2 Nd7 8. h3 c5 9. g4 h5 10. g5 e6 11. Bg2 c4 12. Nh4 Ne7 13. f4 d5 14. f5 exf5 15. exf5 Nxf5 16. Nxf5 gxf5 17. 0-0 0-0 18. Rxf5 Qe7 19. Bxd5 Bxd5 20. Nxd5 Qe4 21. Raf1 Rae8 22. R1f4 Qe6 23. c3 Nb6 24. Nxb6 Qxb6 25. Qf2 Qe6 26. Bd2 Re7 27. Qf3 a5 28. Qxh5 b4 29. axb4 axb4 30. Qf3 b3 31. Kg2 Rfe8 32. h4 Qg6 33. h5 Re2+ 34. Kg3 Qd6 35. Rxf7 Rxd2 36. h6 Bxh6 37. gxh6 Rd3 38. Rg7+ Kh8 39. Kg4 Rxf3 40. Rxf3 Qxh6 41. Rg5 Rg8 42. Rff5 Qe6 43. Kf4 Rxg5 44. Rxg5 Qe2 45. Rc5 Qxb2 46. Rxc4 Qc1+ 47. Ke5 b2 48. Rb4 Qxc3 0-1

[Event "Titled Tuesday intern op 20th Jun Early"]
[Site "Chess.com INT"]
[Date "2023.06.20"]
[Round "7"]
[White "Zia, Tahsin Tajwar"]
[Black "Krutko, Anatoly"]
[Result "0-1"]
[WhiteElo "2345"]
[BlackElo "2397"]
[PlyCount "44"]
[EventDate "2023.06.20"]
[EventType "swiss (blitz)"]
[EventRounds "11"]
[EventCountry "USA"]
[SourceTitle "EXT 2024"]
[Source "ChessBase"]
[SourceDate "2023.10.10"]
[SourceVersion "1"]
[SourceVersionDate "2023.10.10"]
[SourceQuality "1"]

1. d4 Nf6 2. c4 g6 3. Nc3 Bg7 4. e4 0-0 5. Be2 d6 6. h4 Na6 7. h5 c5 8. d5 e6 9. Bg5 h6 10. Be3 g5 11. f4 gxf4 12. Bxf4 exd5 13. cxd5 Re8 14. Bf3 Bf5 15. Qe2 Qa5 16. Kf2 Bh7 17. Bd2 Qb6 18. Rh4 Nb4 19. Qc4 Nc2 20. Rc1 Nd4 21. Na4 Qd8 22. g3 b5 0-1

[Event "Titled Tuesday intern op 06th Jun Early"]
[Site "Chess.com INT"]
[Date "2023.06.06"]
[Round "3"]
[White "Fernandez Siles, Luis"]
[Black "Krutko, Anatoly"]
[Result "0-1"]
[WhiteElo "2218"]
[BlackElo "2397"]
[PlyCount "62"]
[EventDate "2023.06.06"]
[EventType "swiss (blitz)"]
[EventRounds "11"]
[EventCountry "USA"]
[SourceTitle "EXT 2024"]
[Source "ChessBase"]
[SourceDate "2023.10.10"]
[SourceVersion "1"]
[SourceVersionDate "2023.10.10"]
[SourceQuality "1"]

1. d4 Nf6 2. c4 g6 3. Nc3 Bg7 4. e4 0-0 5. Nf3 d6 6. Be2 Bg4 7. Be3 Nc6 8. d5 Bxf3 9. gxf3 Ne5 10. f4 Ned7 11. h4 h5 12. f5 c6 13. Rg1 Kh7 14. fxg6+ fxg6 15. f4 cxd5 16. cxd5 Rc8 17. f5 Rxc3 18. fxg6+ Kh8 19. bxc3 Nxe4 20. Bd3 Nef6 21. Rg5 Ne5 22. Rxh5+ Kg8 23. Bf5 Re8 24. Be6+ Kf8 25. Bh6 Qa5 26. Bxg7+ Kxg7 27. Rxe5 Qxc3+ 28. Kf1 Qxe5 29. Rc1 Ne4 30. Bf7 Rh8 31. Qf3 Nd2+ 0-1

[Event "Titled Tuesday intern op 06th Jun Early"]
[Site "Chess.com INT"]
[Date "2023.06.06"]
[Round "9"]
[White "Hoffmann, Asa"]
[Black "Krutko, Anatoly"]
[Result "0-1"]
[WhiteElo "2185"]
[BlackElo "2397"]
[PlyCount "64"]
[EventDate "2023.06.06"]
[EventType "swiss (blitz)"]
[EventRounds "11"]
[EventCountry "USA"]
[SourceTitle "EXT 2024"]
[Source "ChessBase"]
[SourceDate "2023.10.10"]
[SourceVersion "1"]
[SourceVersionDate "2023.10.10"]
[SourceQuality "1"]

1. d4 Nf6 2. Bg5 c5 3. d5 Qb6 4. Nc3 d6 5. e4 Nbd7 6. Rb1 h6 7. Bh4 g6 8. f4 Bg7 9. Nf3 0-0 10. Be2 Ng4 11. Qd2 c4 12. h3 Ngf6 13. e5 dxe5 14. fxe5 Nh5 15. Bf2 Qa5 16. g4 Nxe5 17. gxh5 Nxf3+ 18. Bxf3 g5 19. Bd4 e5 20. dxe6 fxe6 21. Bxg7 Rxf3 22. Bd4 Qf5 23. Qe2 e5 24. Be3 Be6 25. Rd1 Rf8 26. Rd6 Rxh3 27. Rf1 Rxe3 28. Rxf5 Rxe2+ 29. Kxe2 Bxf5 30. Nd5 Bxc2 31. Rxh6 Bd3+ 32. Ke3 Kg7 0-1

[Event "Titled Tuesday intern op 06th Jun Early"]
[Site "Chess.com INT"]
[Date "2023.06.06"]
[Round "10"]
[White "Krutko, Anatoly"]
[Black "Avazkhonov, Alikhon"]
[Result "1-0"]
[WhiteElo "2397"]
[BlackElo "1538"]
[PlyCount "67"]
[EventDate "2023.06.06"]
[EventType "swiss (blitz)"]
[EventRounds "11"]
[EventCountry "USA"]
[SourceTitle "EXT 2024"]
[Source "ChessBase"]
[SourceDate "2023.10.10"]
[SourceVersion "1"]
[SourceVersionDate "2023.10.10"]
[SourceQuality "1"]

1. d4 Nf6 2. c4 e6 3. Nc3 Bb4 4. e3 b6 5. Bd3 Bb7 6. Nf3 0-0 7. 0-0 d5 8. cxd5 exd5 9. a3 Bd6 10. Ne5 a6 11. f4 c5 12. Rf3 Nc6 13. Rh3 h6 14. Ng4 Be7 15. dxc5 d4 16. Ne4 Nxg4 17. Qxg4 Bc8 18. f5 Ne5 19. Qe2 Nxd3 20. Qxd3 Bxf5 21. Rf3 Bg6 22. exd4 bxc5 23. d5 Re8 24. Qc4 Bf8 25. Nc3 Re1+ 26. Rf1 Qh4 27. Qxh4 Rxf1+ 28. Kxf1 Bd3+ 29. Kg1 Re8 30. Bd2 c4 31. Re1 Bc5+ 32. Kh1 Rb8 33. Na4 Bd6 34. Bc3 1-0

[Event "Titled Tuesday intern op 06th Jun Early"]
[Site "Chess.com INT"]
[Date "2023.06.06"]
[Round "6"]
[White "Krutko, Anatoly"]
[Black "Fajdetic, Hrvoje"]
[Result "1-0"]
[WhiteElo "2397"]
[BlackElo "2151"]
[PlyCount "99"]
[EventDate "2023.06.06"]
[EventType "swiss (blitz)"]
[EventRounds "11"]
[EventCountry "USA"]
[SourceTitle "EXT 2024"]
[Source "ChessBase"]
[SourceDate "2023.10.10"]
[SourceVersion "1"]
[SourceVersionDate "2023.10.10"]
[SourceQuality "1"]

1. e4 e6 2. d3 c5 3. Nf3 Nc6 4. g3 g6 5. Bg2 Bg7 6. 0-0 Nge7 7. c3 e5 8. Na3 d6 9. Nc4 b5 10. Ne3 0-0 11. a4 b4 12. Nd2 bxc3 13. bxc3 Ba6 14. Ndc4 Rb8 15. Ba3 Na5 16. Re1 Nxc4 17. dxc4 Bh6 18. Ng4 Bg7 19. Bf1 f5 20. exf5 Nxf5 21. Qd3 Bb7 22. Bg2 Bxg2 23. Kxg2 Qd7 24. Ne3 Nxe3+ 25. Rxe3 Rf6 26. Qd5+ Qe6 27. Rd1 Rbf8 28. Qxe6+ Rxe6 29. Red3 Rff6 30. Rb1 Bf8 31. Rb8 Rf7 32. a5 Ref6 33. Rd2 g5 34. a6 d5 35. cxd5 Rxa6 36. Bxc5 Kg7 37. Be3 g4 38. c4 Ra4 39. c5 Rc4 40. d6 e4 41. d7 Be7 42. Re8 Bf6 43. d8Q Bxd8 44. Rdxd8 a5 45. Rg8+ Kf6 46. Rd6+ Ke7 47. Rxg4 Rc2 48. Rxe4+ Kf8 49. Bh6+ Kg8 50. Rd8+ 1-0

[Event "Titled Tuesday intern op 06th Jun Early"]
[Site "Chess.com INT"]
[Date "2023.06.06"]
[Round "2"]
[White "Krutko, Anatoly"]
[Black "Samadov, Read"]
[Result "0-1"]
[WhiteElo "2397"]
[BlackElo "2482"]
[PlyCount "88"]
[EventDate "2023.06.06"]
[EventType "swiss (blitz)"]
[EventRounds "11"]
[EventCountry "USA"]
[SourceTitle "EXT 2024"]
[Source "ChessBase"]
[SourceDate "2023.10.10"]
[SourceVersion "1"]
[SourceVersionDate "2023.10.10"]
[SourceQuality "1"]

1. d4 Nf6 2. c4 g6 3. Nc3 Bg7 4. e4 d6 5. Nge2 0-0 6. Ng3 c5 7. d5 e6 8. h4 exd5 9. cxd5 Re8 10. Be2 a6 11. a4 h5 12. Bg5 Qb6 13. Qd2 Nbd7 14. a5 Qc7 15. 0-0 Ne5 16. Na4 Bg4 17. f3 Bd7 18. Nb6 Rab8 19. Nxd7 Nexd7 20. b4 Nh7 21. Be3 Bxa1 22. Rxa1 Qd8 23. bxc5 Nxc5 24. Rb1 Qxh4 25. Bf2 Qe7 26. Nf1 Rbc8 27. Ne3 Ng5 28. Kf1 h4 29. Ng4 Ngxe4 30. fxe4 Nxe4 31. Qf4 f5 32. Nh6+ Kg7 33. Bd4+ Kh7 34. Nxf5 Ng3+ 35. Nxg3 Rf8 36. Qxf8 Rxf8+ 37. Bf3 hxg3 38. Re1 Qh4 39. Bb6 Qc4+ 40. Re2 Qc1+ 41. Re1 Qc4+ 42. Re2 Qxd5 43. Re7+ Kh8 44. Be3 Qd1# 0-1